000
00220nam a2200097Ia 4500
008
220204s9999 xx 000 0 und d
082
_a
82-3
_b
MAS
100
_a
Masters, John
245
0
_a
To the corall strand
942
_c
BK
999
_c
31042
_d
31042